Jean Vanier (Record no. 119261)
[ view plain ]
| 000 -LEADER | |
|---|---|
| fixed length control field | 00462nam a22001457a 4500 |
| 008 - FIXED-LENGTH DATA ELEMENTS--GENERAL INFORMATION | |
| fixed length control field | 131213b xxu||||| |||| 00| 0 eng d |
| 050 ## - LIBRARY OF CONGRESS CALL NUMBER | |
| Classification number | BX4705.V3145.A31 |
| 100 ## - MAIN ENTRY--PERSONAL NAME | |
| Personal name | Vanier, Jean |
| 9 (RLIN) | 5702 |
| 245 ## - TITLE STATEMENT | |
| Title | Jean Vanier |
| Remainder of title | Our life together, a memoir in letters |
| Statement of responsibility, etc | Jean Vanier |
| 260 ## - PUBLICATION, DISTRIBUTION, ETC. (IMPRINT) | |
| Place of publication, distribution, etc | London |
| Name of publisher, distributor, etc | Darton, Longman and Todd Ltd. |
| Date of publication, distribution, etc | 2008 |
| 300 ## - PHYSICAL DESCRIPTION | |
| Extent | 565p.; |
| Dimensions | 23cm. |
| 600 ## - SUBJECT ADDED ENTRY--PERSONAL NAME | |
| Personal name | Vanier, Jean |
| 9 (RLIN) | 5703 |
| 610 ## - SUBJECT ADDED ENTRY--CORPORATE NAME | |
| Corporate name or jurisdiction name as entry element | L'Arche (Association) |
| 9 (RLIN) | 5704 |
| 942 ## - ADDED ENTRY ELEMENTS (KOHA) | |
| Source of classification or shelving scheme | Library of Congress Classification |
| Item type | Monograph ( Printed materials) |
| Koha issues (borrowed), all copies | 1 |
| Withdrawn status | Lost status | Source of classification or shelving scheme | Damaged status | Not for loan | Home library | Current library | Shelving location | Date acquired | Total Checkouts | Full call number | Barcode | Date last seen | Date last borrowed | Price effective from | Koha item type |
|---|---|---|---|---|---|---|---|---|---|---|---|---|---|---|---|
| Library of Congress Classification | ARRUPE LIBRARY | ARRUPE LIBRARY | Main Collection | 13/12/2013 | 2 | BX4705.V3145.A31 | 464122987 | 29/06/2022 | 14/06/2022 | 13/12/2013 | Monograph ( Printed materials) |